Informational Privacy for Service Design (Запис № 577831)
[ простий вигляд ]
| 000 -LEADER | |
|---|---|
| fixed length control field | 03255nam a22005895i 4500 |
| 001 - CONTROL NUMBER | |
| control field | 978-3-031-76926-9 |
| 003 - CONTROL NUMBER IDENTIFIER | |
| control field | DE-He213 |
| 005 - DATE AND TIME OF LATEST TRANSACTION | |
| control field | 20241202150323.0 |
| 007 - PHYSICAL DESCRIPTION FIXED FIELD--GENERAL INFORMATION | |
| fixed length control field | cr nn 008mamaa |
| 008 - FIXED-LENGTH DATA ELEMENTS--GENERAL INFORMATION | |
| fixed length control field | 241110s2025 sz | s |||| 0|eng d |
| 020 ## - INTERNATIONAL STANDARD BOOK NUMBER | |
| International Standard Book Number | 9783031769269 |
| -- | 978-3-031-76926-9 |
| 024 7# - OTHER STANDARD IDENTIFIER | |
| Standard number or code | 10.1007/978-3-031-76926-9 |
| Source of number or code | doi |
| 050 #4 - LIBRARY OF CONGRESS CALL NUMBER | |
| Classification number | HD45 |
| 072 #7 - SUBJECT CATEGORY CODE | |
| Subject category code | KJD |
| Source | bicssc |
| 072 #7 - SUBJECT CATEGORY CODE | |
| Subject category code | BUS041000 |
| Source | bisacsh |
| 072 #7 - SUBJECT CATEGORY CODE | |
| Subject category code | KJD |
| Source | thema |
| 082 04 - DEWEY DECIMAL CLASSIFICATION NUMBER | |
| Classification number | 658.4062 |
| Edition number | 23 |
| 082 04 - DEWEY DECIMAL CLASSIFICATION NUMBER | |
| Classification number | 658.514 |
| Edition number | 23 |
| 100 1# - MAIN ENTRY--PERSONAL NAME | |
| Personal name | Parrilli, Davide M. |
| Relator term | author. |
| -- | (orcid)0000-0002-9498-7496 |
| -- | https://orcid.org/0000-0002-9498-7496 |
| Relator code | aut |
| -- | http://id.loc.gov/vocabulary/relators/aut |
| 9 (RLIN) | 17869 |
| 245 10 - TITLE STATEMENT | |
| Title | Informational Privacy for Service Design |
| Medium | [electronic resource] : |
| Remainder of title | An Ethical Framework for Designing Privacy-Oriented Services / |
| Statement of responsibility, etc | by Davide M. Parrilli. |
| 250 ## - EDITION STATEMENT | |
| Edition statement | 1st ed. 2025. |
| 264 #1 - | |
| -- | Cham : |
| -- | Springer Nature Switzerland : |
| -- | Imprint: Springer, |
| -- | 2025. |
| 300 ## - PHYSICAL DESCRIPTION | |
| Extent | X, 127 p. 5 illus., 2 illus. in color. |
| Other physical details | online resource. |
| 336 ## - | |
| -- | text |
| -- | txt |
| -- | rdacontent |
| 337 ## - | |
| -- | computer |
| -- | c |
| -- | rdamedia |
| 338 ## - | |
| -- | online resource |
| -- | cr |
| -- | rdacarrier |
| 347 ## - | |
| -- | text file |
| -- | |
| -- | rda |
| 490 1# - SERIES STATEMENT | |
| Series statement | Springer Series in Design and Innovation, |
| Міжнародний стандартний серійний номер для назви серії (ISSN) | 2661-8192 ; |
| Том/ позначення послідовності | 52 |
| 505 0# - FORMATTED CONTENTS NOTE | |
| Formatted contents note | Introduction -- Designing for Interactions An Approach to Service Design -- Informational Privacy for Service Design -- An Ethical Approach to Privacy for Service Design -- Defining a Privacy Ethical Framework for Service Design -- Conclusions. |
| 506 0# - RESTRICTIONS ON ACCESS NOTE | |
| Terms governing access | Open Access |
| 520 ## - SUMMARY, ETC. | |
| Summary, etc | This open access book equips designers with a deeper understanding of informational privacy, emphasizing why and how designers should design services that respect and enhance people’s privacy. The solution to these issues is more important and challenging in our globalized service and design landscape. In their quest to understand the rationale for privacy in service design, authors embarked on an extensive journey through various disciplines and practices. Ultimately, author grounded their findings in ethics and philosophy from a designerly (thus pragmatic) and multicultural perspective. The next challenge has been to translate these ethical and philosophical principles into practical guidelines for designers: an easy to implement and global privacy ethical framework for service designers. |
| 650 #0 - SUBJECT ADDED ENTRY--TOPICAL TERM | |
| Topical term or geographic name as entry element | Technological innovations. |
| 650 #0 - SUBJECT ADDED ENTRY--TOPICAL TERM | |
| Topical term or geographic name as entry element | Data protection |
| General subdivision | Law and legislation. |
| 650 #0 - SUBJECT ADDED ENTRY--TOPICAL TERM | |
| Topical term or geographic name as entry element | Industrial design. |
| 650 #0 - SUBJECT ADDED ENTRY--TOPICAL TERM | |
| Topical term or geographic name as entry element | Information technology |
| General subdivision | Moral and ethical aspects. |
| 9 (RLIN) | 14754 |
| 650 14 - SUBJECT ADDED ENTRY--TOPICAL TERM | |
| Topical term or geographic name as entry element | Innovation and Technology Management. |
| 650 24 - SUBJECT ADDED ENTRY--TOPICAL TERM | |
| Topical term or geographic name as entry element | Privacy. |
| 650 24 - SUBJECT ADDED ENTRY--TOPICAL TERM | |
| Topical term or geographic name as entry element | Industrial Design. |
| 650 24 - SUBJECT ADDED ENTRY--TOPICAL TERM | |
| Topical term or geographic name as entry element | Information Ethics. |
| 9 (RLIN) | 14755 |
| 710 2# - ADDED ENTRY--CORPORATE NAME | |
| Corporate name or jurisdiction name as entry element | SpringerLink (Online service) |
| 773 0# - HOST ITEM ENTRY | |
| Title | Springer Nature eBook |
| 776 08 - ADDITIONAL PHYSICAL FORM ENTRY | |
| Display text | Printed edition: |
| International Standard Book Number | 9783031769252 |
| 776 08 - ADDITIONAL PHYSICAL FORM ENTRY | |
| Display text | Printed edition: |
| International Standard Book Number | 9783031769276 |
| 776 08 - ADDITIONAL PHYSICAL FORM ENTRY | |
| Display text | Printed edition: |
| International Standard Book Number | 9783031769283 |
| 830 #0 - SERIES ADDED ENTRY--UNIFORM TITLE | |
| Uniform title | Springer Series in Design and Innovation, |
| -- | 2661-8192 ; |
| Volume number/sequential designation | 52 |
| 856 40 - ELECTRONIC LOCATION AND ACCESS | |
| Uniform Resource Identifier | <a href="https://doi.org/10.1007/978-3-031-76926-9">https://doi.org/10.1007/978-3-031-76926-9</a> |
| 912 ## - | |
| -- | ZDB-2-ENG |
| 912 ## - | |
| -- | ZDB-2-SXE |
| 912 ## - | |
| -- | ZDB-2-SOB |
Немає доступних примірників.